MARC details
| 000 -LEADER |
| fixed length control field |
01367cam a2200337 a 4500 |
| 001 - CONTROL NUMBER |
| control field |
2045469 |
| 003 - CONTROL NUMBER IDENTIFIER |
| control field |
OSt |
| 005 - DATE AND TIME OF LATEST TRANSACTION |
| control field |
20230619153153.0 |
| 008 - FIXED-LENGTH DATA ELEMENTS--GENERAL INFORMATION |
| fixed length control field |
921218m19929999nyu b i000 0 eng |
| 010 ## - LIBRARY OF CONGRESS CONTROL NUMBER |
| LC control number |
92250919 |
| 020 ## - INTERNATIONAL STANDARD BOOK NUMBER |
| International Standard Book Number |
9211613477 (pt. 1) |
| 040 ## - CATALOGING SOURCE |
| Original cataloging agency |
DLC |
| Transcribing agency |
DLC |
| Modifying agency |
DLC |
| 050 00 - LIBRARY OF CONGRESS CALL NUMBER |
| Classification number |
|
| Item number |
|
| 082 00 - DEWEY DECIMAL CLASSIFICATION NUMBER |
| Classification number |
302.23 |
| Edition number |
20 |
| Item number |
BOU |
| 100 ## - MAIN ENTRY--PERSONAL NAME |
| Titles and words associated with a name |
Nicholas Bouchet and Nixon K. Kariithi |
| 245 10 - TITLE STATEMENT |
| Title |
Parliament and the Media |
| Remainder of title |
Building an Informed Society |
| 260 ## - PUBLICATION, DISTRIBUTION, ETC. (IMPRINT) |
| Place of publication, distribution, etc. |
New York : |
| Name of publisher, distributor, etc. |
United Nations, |
| Date of publication, distribution, etc. |
<1992-1996 > |
| 300 ## - PHYSICAL DESCRIPTION |
| Extent |
94p |
| Dimensions |
28 cm. |
| 440 #0 - SERIES STATEMENT/ADDED ENTRY--TITLE |
| Title |
Studies in methods. |
| Number of part/section of a work |
Series F ; |
| Volume/sequential designation |
no. 54 |
| 500 ## - GENERAL NOTE |
| General note |
At head of title: Department of Economic and Social Development, Statistical Office. |
| 500 ## - GENERAL NOTE |
| General note |
"ST/ESA/STAT/SER.F/54." |
| 500 ## - GENERAL NOTE |
| General note |
"United Nations publication sales no. E.92.XVII.8"--Pt. 1, t.p. verso. |
| 504 ## - BIBLIOGRAPHY, ETC. NOTE |
| Bibliography, etc |
Includes bibliographical references. |
| 505 1# - FORMATTED CONTENTS NOTE |
| Formatted contents note |
pt. 1. Planning, organization, and administration of population and housing censuses -- pt. 2. Demographic and social characteristics -- pt. 4. Economic activity status. |
| 650 #0 - SUBJECT ADDED ENTRY--TOPICAL TERM |
| Topical term or geographic name as entry element |
Census |
| General subdivision |
Methodology. |
| 650 #0 - SUBJECT ADDED ENTRY--TOPICAL TERM |
| Topical term or geographic name as entry element |
Demographic surveys. |
| 650 #0 - SUBJECT ADDED ENTRY--TOPICAL TERM |
| Topical term or geographic name as entry element |
Housing surveys. |
| 906 ## - LOCAL DATA ELEMENT F, LDF (RLIN) |
| a |
7 |
| b |
cbc |
| c |
orignew |
| d |
2 |
| e |
ncip |
| f |
19 |
| g |
y-gencatlg |
| 942 ## - ADDED ENTRY ELEMENTS (KOHA) |
| Source of classification or shelving scheme |
Dewey Decimal Classification |
| Koha item type |
Books |